000 01274nam a2200253 i 4500
001 182071
003 ES-MaACL
005 20251201163934.0
008 130529s1978 sp ac |||| | spa d
020 _a84-400-3714-7
100 1 _aPestaña, Angel,
_d1886-1937
_991455
245 1 3 _aEl terrorismo en Barcelona ;
_bseguido de Principios, medios y fines del sindicalismo comunista /
_cÁngel Pestaña . El sindicalismo en Cataluña / por Ángel Pestaña y Salvador Seguí (El Noi del Sucre) : (conferencias dadas en Madrid el día 4 de octubre de 1919, tomadas taquigráficamente) ; prólogo de Enric Olivé i Serret.
246 3 _aPrincipios, medios y fines del sindicalismo comunista
260 _aBarcelona :
_bJosé J. de Olañeta,
_c1978.
300 _a75 p. :
_bil., retr. ;
_c21 cm.
490 1 _aPequeña biblioteca calamus scriptorius ;
_v8
650 0 4 _aAnarcosindicalismo-
_zEspaña.
_99779
700 1 _aSeguí, Salvador,
_d1887-1923
_9240806
700 1 _aOlive i Serret, Enric.
_986787
740 3 2 _aEl sindicalismo en Cataluña.
830 1 _aPequeña Biblioteca Calamus scriptorius
_v8
_9191869
852 _aES-MaACL
_j2114-F-20
_z- Donativo de los herederos de la biblioteca de Mª del Pilar Costa Palacín
999 _c182071
_d182071